| 000 | 00654nam a2200169Ia 4500 | ||
|---|---|---|---|
| 003 | GCL | ||
| 008 | 140319s9999 xx 000 0 ara d | ||
| 040 |
_aGCL / _cGCL |
||
| 082 | 0 | 4 |
_a361.2 _bم ت |
| 100 | 1 | _aالمجالس القومية المتخصصة | |
| 245 | 1 | 0 |
_aتقرير المجلس القومى للخدمات والتنمية الاجتماعية الدورة العاشرة 1989 - 1990 / _cالمجالس القومية المتخصصة |
| 300 | _a245 ص | ||
| 490 |
_aالهيئة العامة للاستعلامات _v0 |
||
| 650 | 0 | 4 | _aالاحوال السياسية |
| 650 | 0 | 4 | _aالهيئات التشريعية |
| 942 |
_2ddc _cBK |
||
| 999 |
_c52166 _d52166 |
||